| 000 | 01373nam a2200241Ia 4500 | ||
|---|---|---|---|
| 003 | Ost | ||
| 005 | 20260507075726.0 | ||
| 008 | 260507s9999||||xx |||||||||||||| ||und|| | ||
| 020 | _a1985160977 | ||
| 040 | _cfsecg | ||
| 041 | _aara | ||
| 082 | _a347 | ||
| 100 |
_aالتحيوى، محمود السيد _eمؤلف |
||
| 245 | 0 |
_aطبيعة شرط التحكيم وجزاء الاختلال به / _c محمود السيد التحيوى |
|
| 250 | _aطبعة 2 | ||
| 260 |
_aالاسكندرية: _bدار الفكر الجامعي, _c2003 |
||
| 300 |
_a316 صفحة؛ _c24 سم |
||
| 504 | _aبيبليوغرافيا : ص.277 | ||
| 520 | _aمقدمة-الباب الأول : التحكيم الإختيارى هو الصورة العامة لنظام التحكيم-الباب الثاني : طبيعة شرط التحكيم وجزاء الإخلال به فى القانون الوضعى المقارن-الباب الثالث : نطاق صحة : شرط التحكيم-الباب الرابع : الرضا فى الإنفاق على التحكيم - شرطا كان ، أم مشارطة – ودور الشكل فيه-الباب الخامس والأخير : مفهوم المحل فى الإنفاق على التحكيم – شرطا كان ، أم مشارطة | ||
| 653 | _aالتحكيم القضائي | ||
| 653 | _aالقانون | ||
| 942 | _cكتاب | ||
| 999 |
_c45977 _d45977 |
||